| 000 -LEADER |
| fixed length control field |
04116nam a22006377a 4500 |
| 001 - CONTROL NUMBER |
| control field |
1013928560 |
| 003 - CONTROL NUMBER IDENTIFIER |
| control field |
OCoLC |
| 005 - DATE AND TIME OF LATEST TRANSACTION |
| control field |
20210419120915.0 |
| 006 - FIXED-LENGTH DATA ELEMENTS--ADDITIONAL MATERIAL CHARACTERISTICS |
| fixed length control field |
m o d |
| 007 - PHYSICAL DESCRIPTION FIXED FIELD--GENERAL INFORMATION |
| fixed length control field |
cr cn||||||||| |
| 008 - FIXED-LENGTH DATA ELEMENTS--GENERAL INFORMATION |
| fixed length control field |
171205s2018 nyua bf 000 0 eng d |
| 020 ## - INTERNATIONAL STANDARD BOOK NUMBER |
| International Standard Book Number |
9780071839792 |
| 020 ## - INTERNATIONAL STANDARD BOOK NUMBER |
| International Standard Book Number |
0071839798 |
| 035 ## - SYSTEM CONTROL NUMBER |
| System control number |
(OCoLC)1013928560 |
| 040 ## - CATALOGING SOURCE |
| Original cataloging agency |
QGQ |
| Language of cataloging |
eng |
| Description conventions |
rda |
| Transcribing agency |
QGQ |
| Modifying agency |
INM |
| -- |
VTM |
| -- |
UIU |
| 041 ## - LANGUAGE CODE |
| Language code of text/sound track or separate title |
eng |
| 049 ## - LOCAL HOLDINGS (OCLC) |
| Holding library |
YYEA |
| -- |
VZYM |
| 080 ## - UNIVERSAL DECIMAL CLASSIFICATION NUMBER |
| Universal Decimal Classification number |
615 |
| Item number |
P-84 |
| 099 ## - LOCAL FREE-TEXT CALL NUMBER (OCLC) |
| Classification number |
INTERNET LINK |
| 100 ## - MAIN ENTRY--PERSONAL NAME |
| 9 (RLIN) |
269 |
| Personal name |
Olson, R. Kent |
| 245 00 - TITLE STATEMENT |
| Title |
Poisoning and drug overdose |
| Medium |
[electronic resource] / |
| Statement of responsibility, etc. |
edited by Kent R. Olson ; with Ilene B. Anderson, Neal L. Benowitz, Paul D. Blanc, Richard F. Clark, Thomas E. Kearney, Susan Y. Jim-Katz, and Alan H.B. Wu. |
| 250 ## - EDITION STATEMENT |
| Edition statement |
7th ed. |
| 260 ## - PUBLICATION, DISTRIBUTION, ETC. |
| Place of publication, distribution, etc. |
[New York] : |
| Name of publisher, distributor, etc. |
McGraw-Hill Education, |
| Date of publication, distribution, etc. |
[2018] |
| 300 ## - PHYSICAL DESCRIPTION |
| Extent |
1 online resource : 946 p. |
| Other physical details |
illustrations. |
| 490 1# - SERIES STATEMENT |
| Series statement |
A Lange Medical Book. |
| 500 ## - GENERAL NOTE |
| General note |
"By the faculty, staff, and associates of the California Poison Control System."--Cover. |
| 500 ## - GENERAL NOTE |
| General note |
EINSTEIN & MMC: available online via AccessMedicine. See Reference staff for assistance. |
| 504 ## - BIBLIOGRAPHY, ETC. NOTE |
| Bibliography, etc. note |
Includes bibliographical references. |
| 505 0# - FORMATTED CONTENTS NOTE |
| Formatted contents note |
Section I: Comprehensive Evaluation and Treatment --- Section II: Specific Poisons and Drugs: Diagnosis and Treatment --- Section III: Therapeutic Drugs and Antidotes --- Section IV: Environmental and Occupational Toxicology. |
| 520 ## - SUMMARY, ETC. |
| Summary, etc. |
"Poisoning & Drug Overdose provides practical advice for the diagnosis and management of poisoning and drug overdose and concise information about common industrial chemicals.The manual is divided into four sections and an index, each identified by a black tab in the right margin. Section I leads the reader through initial emergency management, including treatment of coma, hypotension, and other common complications; physical and laboratory diagnosis; and methods of decontamination and enhanced elimination of poisons. Section II provides detailed information for approximately 150 common drugs and poisons. Section III describes the use and side effects of approximately 60 antidotes and therapeutic drugs. Section IV describes the medical management of chemical spills and occupational chemical exposures and includes a table of over 500 chemicals. The Index is comprehensive and extensively cross-referenced. The manual is designed to allow the reader to move quickly from section to section, obtaining the needed information from each. For example, in managing a patient with isoniazid intoxication, the reader will find specific information about isoniazid toxicity in Section II, practical advice for gut decontamination and management of complications such as seizures in Section I, and detailed information about dosing and side effects for the antidote pyridoxine in Section III." -- from preface. |
| 588 0# - SOURCE OF DESCRIPTION NOTE |
| Source of description note |
Cover image; viewed online via AccessMedicine on December 5, 2017. |
| 650 #2 - SUBJECT ADDED ENTRY--TOPICAL TERM |
| Topical term or geographic name entry element |
Pharmaceutical Preparations |
| Form subdivision |
Handbooks. |
| 650 #2 - SUBJECT ADDED ENTRY--TOPICAL TERM |
| Topical term or geographic name entry element |
Drug Overdose |
| Form subdivision |
Handbooks. |
| 650 #2 - SUBJECT ADDED ENTRY--TOPICAL TERM |
| Topical term or geographic name entry element |
Toxicology |
| Form subdivision |
Handbooks. |
| 650 #2 - SUBJECT ADDED ENTRY--TOPICAL TERM |
| Topical term or geographic name entry element |
Poisoning |
| Form subdivision |
Handbooks. |
| 650 #2 - SUBJECT ADDED ENTRY--TOPICAL TERM |
| Topical term or geographic name entry element |
Antidotes |
| Form subdivision |
Handbooks. |
| 650 #0 - SUBJECT ADDED ENTRY--TOPICAL TERM |
| Topical term or geographic name entry element |
Pharmacology |
| 9 (RLIN) |
124 |
| 653 ## - INDEX TERM--UNCONTROLLED |
| Uncontrolled term |
ფარმაკოლოგია |
| 653 ## - INDEX TERM--UNCONTROLLED |
| Uncontrolled term |
ტოქსიკოლოგია |
| 653 ## - INDEX TERM--UNCONTROLLED |
| Uncontrolled term |
ზედოზირება |
| 655 #7 - INDEX TERM--GENRE/FORM |
| Genre/form data or focus term |
Electronic books. |
| 700 1# - ADDED ENTRY--PERSONAL NAME |
| Personal name |
Olson, Kent R. |
| Fuller form of name |
(Kent Russell) |
| 700 1# - ADDED ENTRY--PERSONAL NAME |
| Personal name |
Anderson, Ilene B. |
| 700 1# - ADDED ENTRY--PERSONAL NAME |
| Personal name |
Benowitz, Neal L. |
| 700 1# - ADDED ENTRY--PERSONAL NAME |
| Personal name |
Blanc, Paul D., |
| Dates associated with a name |
1951- |
| 700 1# - ADDED ENTRY--PERSONAL NAME |
| Personal name |
Clark, Richard F. |
| 700 1# - ADDED ENTRY--PERSONAL NAME |
| Personal name |
Kearney, Thomas E. |
| 700 1# - ADDED ENTRY--PERSONAL NAME |
| Personal name |
Kim-Katz, Susan Y. |
| 700 1# - ADDED ENTRY--PERSONAL NAME |
| Personal name |
Wu, Alan H. B. |
| 710 2# - ADDED ENTRY--CORPORATE NAME |
| Corporate name or jurisdiction name as entry element |
California Poison |
| 710 2# - ADDED ENTRY--CORPORATE NAME |
| Corporate name or jurisdiction name as entry element |
AccessMedicine (Online Service) |
| 830 #0 - SERIES ADDED ENTRY--UNIFORM TITLE |
| Uniform title |
Lange medical book. |
| 856 40 - ELECTRONIC LOCATION AND ACCESS |
| Materials specified |
AccessMedicine |
| Uniform Resource Identifier |
<a href="https://elibrary.einsteinmed.org/login?url=https://accessmedicine.mhmedical.com/book.aspx?bookid=2284 ">https://elibrary.einsteinmed.org/login?url=https://accessmedicine.mhmedical.com/book.aspx?bookid=2284 </a> |
| Public note |
EINSTEIN: AccessMedicine ebook collection |
| 856 41 - ELECTRONIC LOCATION AND ACCESS |
| Materials specified |
AccessMedicine |
| Uniform Resource Identifier |
<a href="https://accessmedicine.mhmedical.com/book.aspx?bookid=2284 ">https://accessmedicine.mhmedical.com/book.aspx?bookid=2284 </a> |
| Public note |
MMC: AccessMedicine ebook collection |
| 942 ## - ADDED ENTRY ELEMENTS (KOHA) |
| Source of classification or shelving scheme |
|
| Koha item type |
Books |
| Edition |
7 |